El discreto encanto de la competencia
Las políticas de competencia son relativamente nuevas en América Latina y el Caribe, surgen en los años 90 como complemento de los procesos de reforma del Estado y desregulación económica y se orientan a evitar que la apertura sea desequilibrada y favorezca sólo a unos pocos. A su vez, la necesidad...
Salvato in:
| Natura: | testo |
|---|---|
| Soggetti: | |
| Tags: |
Aggiungi Tag
Nessun Tag, puoi essere il primo ad aggiungerne!!
|
MARC
| LEADER | 00000 a a2200000 04500 | ||
|---|---|---|---|
| 001 | 2516 | ||
| 003 | |||
| 040 | |||
| 245 | |a El discreto encanto de la competencia | ||
| 520 | |a Las políticas de competencia son relativamente nuevas en América Latina y el Caribe, surgen en los años 90 como complemento de los procesos de reforma del Estado y desregulación económica y se orientan a evitar que la apertura sea desequilibrada y favorezca sólo a unos pocos. A su vez, la necesidad de adoptar e incluso armonizar las normas sobre competencia es objeto de negociación a nivel regional hemisférico y multilateral. Desde el punto de vista del desarrollo nacional y del buen funcionamiento del sistema económico mundial, la importancia del tema se centra en su vinculación con las políticas industriales y comerciales y con el tratamiento a la inversión extranjera. dentro de este marco las políticas de ajuste estructural y apertura económica le atribuyen un creciente papel al mercado en la asignación de los recursos y en el logro de una mayor eficiencia de las empresas. Por ello se pide que los gobiernos sustituyan los instrumentos tradicionales de intervención económica por marcos regulatorios precisos y eficientes a fin de garantizar el sano funcionamiento del mercado. De manera que el tema de la competencia se relaciona de forma estrecha con el nuevo papel del Estado en la región |a es un hecho evidente que los actores privados tienen un papel creciente en la actividad económica |a el peso del capital privado en las corrientes financieras, las privatizaciones o el comercio intrafirmas son ejemplo de ello. OB/LOB | ||
| 650 | |a COMPETITIVIDAD | ||
| 650 | |a AJUSTE ESTRUCTURAL | ||
| 650 | |a ESTRATEGIA DEL DESARROLLO | ||
| 650 | |a NEOLIBERALISMO | ||
| 650 | |a ESTADO | ||
| 650 | |a PAISES EN DESARROLLO | ||
| 650 | |a POLITICA ECONOMICA | ||
| 650 | |a MERCADO INTERNACIONAL | ||
| 650 | |a INVERSIONES EXTRANJERAS | ||
| 773 | |g número 48; páginas 161-168 | ||
| 999 | |c 30288 |d 30288 | ||
